Journal of the Royal Statistical Society Series A (General)

Uložené v:
Podrobná bibliografia
Médium: Seriál
Jazyk:English
Vydavateľské údaje: London The Royal Statistical Society 1986
Predmet:
Tagy: Pridať tag
Žiadne tagy, Buďte prvý, kto otaguje tento záznam!

MARC

LEADER 00000nas2a2200000 4500
001 s018367
005 20240109085349.5
022 |a 0035-9238 
041 0 |a eng 
044 |a GB 
245 1 0 |a Journal of the Royal Statistical Society  |b Series A (General) 
264 1 |a London  |b The Royal Statistical Society  |c 1986 
300 |a 1 zv. 
773 0 |w eu_un_cat*s120858 
610 2 0 |a štatistika 
610 2 0 |a metodológia